| 000 | 01386nam0a22002651 4500 | ||
|---|---|---|---|
| 001 | rc\4869308 | ||
| 005 | 20250613023338.0 | ||
| 021 |
_aRU _b[59-72256] |
||
| 035 | _a(NLR Aleph) 008909740 | ||
| 090 |
_a8755935 _c8755935 |
||
| 100 | _a20130426d1959 |||y0rusy50 ca | ||
| 101 | 0 | _arus | |
| 102 | _aRU | ||
| 105 | _ay z ||||| | ||
| 200 | 1 |
_aМатериалы Научно-технической конференции по вопросам заготовки, подготовки к сплаву и сплава древесины лиственных пород и лиственницы. (24-26 марта 1959 г.) _fГос. науч.-техн. ком. Совета Министров РСФСР. ЦБТИ лесной пром-сти |
|
| 210 |
_aМосква _aЛенинград _cГослесбумиздат _d1959 |
||
| 215 |
_a84 с. _d22 |
||
| 606 |
_aЛесосплав _jСборники _2psbo |
||
| 606 |
_aЛесозаготовительные работы _jСборники _2psbo |
||
| 710 | 1 | 2 | _aНаучно-техническая конференция по вопросам заготовки, подготовки к сплаву и сплава древесины лиственных пород и лиственницы (1959; Москва) |
| 801 | 0 |
_aRU _bNLR _gpsbo |
|
| 801 | 1 |
_aRU _bELAR _2rusmarc |
|
| 852 |
_aNLR _j59-6/10052 |
||
| 942 | _cBOOK | ||
| 980 | _aNB | ||